000 00859nam a22002657a 4500
001 BR7802860
003 BR-BrBNA
005 20230928085604.0
007 ta
008 230509b bl.||||| |||| 00| 0 por d
040 _aBR-BrBNA
_bpor
_cBiblioteca Nacional de Agricultura
041 _a(Por)
072 _aP12
090 _ P12 BR7802860
100 1 _aManzan, R.J.
110 1 _aUniversidade Federal da Paraiba, Campina Grande (Brasil). Centro de Ciencias e Tecnologia. Depto. de Engenharia Civil
_0Tese (Mestrado)
_910754
245 1 _aPlanejamento de projetos de irrigacao e drenagem e projeto de drenagem de terreno aluvial
260 3 _aCampina Grande, PB (Brasil):
_c1977.
300 _a94 p.
500 _aSummaries (Eng, Por); 36 ref.
650 _aDrenagem
650 _aIrrigacao
909 _a202309
_bLucia
_c55
_dLucia Elande
942 _cBK
999 _c25250
_d25250